Главы 4, 5, 6; Особенности отображения движений земной коры в рельефе южной части Западно-Сибирской низменности (Методы и результаты геометрического анализа)

Detalhes bibliográficos
Parent link:Особенности отображения движений земной коры в рельефе южной части Западно-Сибирской низменности (Методы и результаты геометрического анализа): Диссертация на соискание ученой степени доктора географических наук/ Д. Н. Фиалков; Новосибирское территориальное геологическое управление. Главы 4, 5, 6.— , 1965
Idioma:russo
Publicado em: 1965
Assuntos:
Formato: MixedMaterials Livro
KOHA link:https://koha.lib.tpu.ru/cgi-bin/koha/opac-detail.pl?biblionumber=145190

MARC

LEADER 00000nbm2a2200000 4500
001 145190
005 20231031143957.0
035 |a (RuTPU)RU\TPU\book\157385 
035 |a RU\TPU\book\157384 
090 |a 145190 
100 |a 20081014d1965 k y0rusy50 ca 
101 0 |a rus 
102 |a RU 
105 |a a m 001zy 
200 0 |a Главы 4, 5, 6 
210 |d 1965 
215 |a 238 л.  |c ил. 
320 |a Библиогр.: с.404-428. 
461 1 |0 (RuTPU)RU\TPU\book\157383  |t Особенности отображения движений земной коры в рельефе южной части Западно-Сибирской низменности (Методы и результаты геометрического анализа)  |o Диссертация на соискание ученой степени доктора географических наук  |f Д. Н. Фиалков  |g Новосибирское территориальное геологическое управление  |v Главы 4, 5, 6  |d 1965 
610 1 |a диссертации 
610 1 |a земная кора 
610 1 |a отображение движений 
610 1 |a геометрический анализ 
610 1 |a гравитационные процессы 
610 1 |a Прииртышские котловины 
610 1 |a платформенные чехлы 
610 1 |a хозяйственная деятельность 
610 1 |a Западно-Сибирская низменность 
675 |a 551.41(04)  |v 3 
801 1 |a RU  |b 63413507  |c 20081014  |g PSBO 
801 2 |a RU  |b 63413507  |c 20200819  |g PSBO 
942 |c BK